| 000 | 00000nam 2200000za 4500 |
| 001 | 9.860363 |
| 003 | CaOODSP |
| 005 | 20221107160456 |
| 007 | cr ||||||||||| |
| 008 | 180810s2005 onca|||#o f001 0 eng d |
| 020 | |z0-660-18720-5 |
| 022 | |z1188-2964 |
| 040 | |aCaOODSP|beng |
| 041 | |aeng|bfre |
| 043 | |an-cn--- |
| 086 | 1 |aNM97-2/13E-PDF |
| 100 | 1 |aRajala, Richard A.,|d1953- |
| 245 | 10|aFeds, forests, and fire |h[electronic resource] : |ba century of Canadian forestry innovation / |cRichard A. Rajala. |
| 246 | 30|aCentury of Canadian forestry innovation |
| 260 | |aOttawa : |bCanada Science and Technology Museum, |cc2005. |
| 300 | |axi, 116 p. : |bill. |
| 490 | 1 |aTransformation series = Collection Transformation ;|vNo. 13 |
| 500 | |aDigitized edition from print [produced by Canada Science and Technology Museum]. |
| 504 | |aIncludes bibliographic references (p. 107-110). |
| 520 | 3 |a"This study integrates an account of the federal government’s role in Canadian forestry, emphasizing its contribution to the science and technology of fire protection, inventory, and silviculture, with a broader analysis of forest management in Canada "--Abstract, p. v. |
| 546 | |aIncludes prefatory material in French. |
| 692 | 07|2gccst|aForestry |
| 692 | 07|2gccst|aForest management |
| 710 | 1 |aCanada.|bCanada Science and Technology Museum. |
| 776 | 0#|tFeds, forests, and fire : |w(CaOODSP)9.617951 |
| 830 | #0|aTransformation series ;|vNo. 13|w(CaOODSP)9.512488 |
| 856 | 40|qPDF|s2.80 MB|uhttps://publications.gc.ca/collections/collection_2018/mstc-cstm/NM97-2-13-eng.pdf |